Normal view
MARC view
- VOWELS BASIC SKILLS SERIES
Entry Topical Term
001 - CONTROL NUMBER
- control field: 65202
003 - CONTROL NUMBER IDENTIFIER
- control field: NUST
005 - DATE AND TIME OF LATEST TRANSACTION
- control field: 20210628203410.0
008 - FIXED-LENGTH DATA ELEMENTS
- fixed length control field: 210628|| aca||aabn | a|a d
040 ## - CATALOGING SOURCE
- Original cataloging agency: NUST
- Transcribing agency: NUST
150 ## - HEADING--TOPICAL TERM
- Topical term or geographic name entry element: VOWELS BASIC SKILLS SERIES
670 ## - SOURCE DATA FOUND
- Source citation: Work cat.: (NUST): Leon, Dee 65201, Vowels basic skills series, 1994
